000 00318nam a2200121Ia 4500
008 220216s9999 xx 000 0 und d
100 _aMc Lellan J
245 0 _aFighting vehicles - are they rubbers most demanding users ?
260 _bRubber Developments
_c1970
300 _a24-27
650 _aRubber
942 _cJS
999 _c59396
_d59396